00536nam a2200157 a 450000100100000000500170001000800410002704000250006808200080009311000100010124500910011126000350020230000300023750400740026770000370034100002770320260305073951.0110404s1982 dr b 000 0 spa d aDO-SdBNPbspacBNPHU axxx0 aForum14aLos problemas del sector rural en la República Dominicana /cEditor Frank Moya Pons. aSanto Domingo :bFORUM,c1982. a233 p. :bmapa. ;c22 cm. aIncluye referencias bibliográficas y notas al pie de las páginas.1 aMoya Pons, Frank,d1944-eEditor